00230nam a2200097Ia 4500008004100000100001700041245004300058260000900101942000700110999001500117190216s9999||||xx |||||||||||||| ||und|| aChaudary H K 0aElementary Principles Of Plant Biology bNull cBK c1168d1168